000 00537nam a2200181 a 4500
005 20140310183337.0
008 061004s19uu xx 00 eng d
020 _a1591396336
050 _aHD 69.T54
_b.H374 2005
245 _aTime management:
_bincrease your personal productivity and effectiveness /
260 _aBoston, Masachusetts :
_bHarvard Business School Press,
_c2005.
300 _a151 p. :
_c23 cm.
521 _aBSBA
650 _aTime management.
650 _aScheduling.
942 _cBK
_2lcc
_kFOR
999 _c21699
_d21699